Most Populous Countries - Statistics

General Stats
  • This quiz has been taken 37 times
  • The average score is 18 of 20
Answer Stats
country % Correct
China
100%
Indonesia
100%
United States
100%
Russia
97%
Brazil
95%
France
95%
Germany
95%
India
95%
Nigeria
95%
Japan
92%
Egypt
89%
Mexico
89%
Pakistan
89%
Iran
86%
Ethiopia
84%
Bangladesh
81%
Democratic Republic of the Congo
78%
Vietnam
76%
Philippines
73%
Turkey
70%
No matching quizzes found
Score Distribution
Percent of People with Each Score
Percentile by Number Answered
Your Score History
You have not taken this quiz